02411nam a2200313 u 4500001000800000005001700008008004100025020001500066035001200081035002100093040001300114041000800127082000800135100008600143245005200229250001700281260003600298300001800334490003100352505002600383505003400409505003100443520137400474650003201848650005401880650003401934700008401968700004502052113039820260507113901.0090311s2005 spa  a8481916897 a1130398 a(OCoLC)777275152 ccomduadb aspa 4a81310aMelville, Herman,d1819-18914aut0(isni)0000 0001 2125 135X0(viaf)27068555eaut10aPreferiria no hacerlo : Bartleby el escribiente a2. edición aBarcelona :bPre-Textos,c2005. a192 páginas0 aPre-textos : Ensayo ;v42580tBartleby o la formula80tBartleby o de la contingencia80tBartleby o de la humanidad3 a"Preferiría no hacerlo Bartleby, el escribiente de Herman Melville seguido de tres ensayos sobre Bartleby de Gilles Deleuze Giorgio Agamben José Luis Pardo Versión castellana de José Luis Pardo Traducción de Bartleby el escribiente por José Manuel Benítez Ariza Melville no cesa de desarrollar la radical oposición de la fraternidad con relación a la caridad cristiana o a la filantropía paternal. Liberar al hombre de la función de padre, engendrar al hombre nuevo, al hombre sin particularidades, reunir la humanidad y la originalidad constituyendo una sociedad de hermanos a modo de una nueva universalidad. Gilles Deleuze como escriba que ha dejado de escribir Bartleby es la figura extrema de la nada de la que procede toda creación y, al mismo tiempo, la más implacable reivindicación de esta nada como potencia pura y absoluta. [...] Nuestra tradición ética ha tratado a menudo de soslayar el problema de la potencia reduciéndolo a los términos de la voluntad y de la necesidad: su tema dominante no es lo que se puede, sino lo que se quiere o lo que se debe. Giorgio Agamben Bartleby es una objeción contra la novela, uno que ha muerto tan pobre que no ha dejado nada. Melville prefiere no escribir una novela cuyo narrador prefiere no hacer literatura acerca de un escribiente que prefiere no escribir." José Luis Pardo. 7aNovela estadounidense2lemb 7aNovela estadounidensexHistoria y crítica2lemb 7aAutores estadounidenses2lemb10aPardo, José Luis,d1954-4trl0(isni)0000 0001 2122 37890(viaf)17280880etrl10aBenítez Ariza, José Manuel4trletrl